Using Aldus pagemaker 4.0 (Record no. 254214)

MARC details
000 -LEADER
fixed length control field 00407pam a2200181a 44500
008 - FIXED-LENGTH DATA ELEMENTS--GENERAL INFORMATION
fixed length control field 230405s1991 xxu||||| |||| 00| 0 eng d
041 ## - LANGUAGE CODE
Language code of text/sound track or separate title ENG
100 ## - MAIN ENTRY--PERSONAL NAME
Personal name Dougles Kramer
245 ## - TITLE STATEMENT
Title Using Aldus pagemaker 4.0
250 ## - EDITION STATEMENT
Edition statement 1
260 ## - PUBLICATION, DISTRIBUTION, ETC.
Place of publication, distribution, etc.
Name of publisher, distributor, etc. Bantam Books
Date of publication, distribution, etc. 1991
300 ## - PHYSICAL DESCRIPTION
Extent 490p,23.3cms
440 ## - SERIES STATEMENT/ADDED ENTRY--TITLE
Title 898
690 ## - LOCAL SUBJECT ADDED ENTRY--TOPICAL TERM (OCLC, RLIN)
Topical term or geographic name as entry element IMRDA
700 ## - ADDED ENTRY--PERSONAL NAME
Personal name Eda Warren
700 ## - ADDED ENTRY--PERSONAL NAME
Personal name Rogr C.Parker
906 ## - LOCAL DATA ELEMENT F, LDF (RLIN)
a 1355
Holdings
Withdrawn status Lost status Damaged status Not for loan Collection Home library Current library Date acquired Total Checkouts Barcode Date last seen Price effective from Koha item type
          Institute of Management & Rural Development Administration, Sangli Institute of Management & Rural Development Administration, Sangli 10/03/1997   RDS-2090 14/04/2023 14/04/2023 Book